00725nam a2200133 a 450000100100000000500170001000800410002704000250006808200150009311000920010824503220020026000410052230000280056300003235520200930065610.0110324s1925 dr a 000 0 spa d aDO-SdBNPbspacBNPHU axxxbR426m1 aRepública DominicanabSecretaría de Estado de Interior y Policia y Marina de Guerra10aMemoria que al honorable señor Presidente de la República Generalísimo Doctor Rafael Leónidas Trujillo Molina, presenta al mayor general José García M. M. secretario de Estado de Interior y Policia, Guerra y Marina :bRelativa a las labores realizadas por el departamento a su cargo durante el año 1934. aSanto Domingo :bLa Nación,c1925. a723 p. :bil. ;c24 cm.